Autos Sacramentales : desde su origen hasta fines del siglo XVII / (Record no. 126051)

MARC details
000 -LEADER
fixed length control field 00665cam a2200181 4500
008 - FIXED-LENGTH DATA ELEMENTS--GENERAL INFORMATION
fixed length control field 1952 spa
050 #4 - LIBRARY OF CONGRESS CALL NUMBER
Classification number PQ6171
Item number .A2 A97 1952
245 #0 - TITLE STATEMENT
Title Autos Sacramentales : desde su origen hasta fines del siglo XVII /
-- olección escogida, dispuesta y ordenada, por Eduardo Gonzáles Pedroso.
260 ## - PUBLICATION, DISTRIBUTION, ETC. (IMPRINT)
Place of publication, distribution, etc Madrid :
Name of publisher, distributor, etc Atlas,
Date of publication, distribution, etc 1952
300 ## - PHYSICAL DESCRIPTION
Extent lxi, 580 p. ;
Dimensions 27 cm.
440 #0 - SERIES STATEMENT/ADDED ENTRY--TITLE
Title Biblioteca de Autores Españoles : desde la formación del le-
440 #0 - SERIES STATEMENT/ADDED ENTRY--TITLE
Title nguje hasta nuestros días ; 58
500 ## - GENERAL NOTE
General note 1 ejemplar
700 1# - ADDED ENTRY--PERSONAL NAME
-- onzález Pedroso, Eduardo,
Relator term colección
942 ## - ADDED ENTRY ELEMENTS (KOHA)
Source of classification or shelving scheme Biblioteca del Cogreso de los Estados Unidos
Koha item type Libro
Holdings
Estado de pérdida Fuente de clasificación Estado del daño No para préstamo Ubicación permanente Ubicación actual Apartado o colección Fecha de adquisición Edición Dependencia de educación superior (DES) Área del conocimiento Clasificación Código de Barras Date last seen Número de copia Tipo de recurso
  Biblioteca del Cogreso de los Estados Unidos     Biblioteca de la Facultad de Filosofía Biblioteca de la Facultad de Filosofía General 16/02/2017 1a. ed. Humanidades Educación y Humanidades PQ6171.A2 A97 1952 BFF000023981 16/02/2017 C:1 T:LVIII Libro